| 000 | 00822nam a2200229 i 4500 | ||
|---|---|---|---|
| 001 | 16590 | ||
| 003 | ES-MaACL | ||
| 005 | 20250828062316.0 | ||
| 007 | t| | ||
| 008 | 001018s2000 sp ||||1| spa d | ||
| 080 | _a37:331.5(460) | ||
| 080 | _a331.101.262(460) | ||
| 245 | 0 | 3 |
_aEl capital humano en la nueva sociedad del conocimiento _b: su papel en el Sistema Español de Innovación / _c[por un equipo de trabajo integrado por: Mª Paloma Sánchez... et al.]. |
| 260 |
_aMadrid : _bCírculo de Empresarios, _c[2000] |
||
| 300 |
_a213 p. ; _c22 cm. |
||
| 650 | 1 | 4 |
_aEducación y empleo- _zEspaña _912126 |
| 650 | 1 | 4 |
_aRecursos humanos- _zEspaña. _916699 |
| 700 | 1 |
_aSánchez, Mª Paloma. _9102403 |
|
| 710 | 2 |
_aCírculo de Empresarios. _92821 |
|
| 852 |
_aES-MaACL _jL-23669 _bR.128889 |
||
| 999 |
_c16590 _d16590 |
||